| 000 | 00659nam a2200205 i 4500 | ||
|---|---|---|---|
| 001 | 66872 | ||
| 003 | ES-MaACL | ||
| 005 | 20250302202840.0 | ||
| 007 | t| | ||
| 008 | 040416s1994 bl ||||1| por d | ||
| 080 | _a821.134.2-14"19" | ||
| 100 | 1 |
_aMayor Zaragoza, Federico, _d1934-2024 _979415 |
|
| 245 | 1 | 0 |
_aAntologia poética / _cFederico Mayor Zaragoza ; traduçao Carlos Sepúlveda. |
| 260 |
_aRio de Janeiro : _bNova Fronteira, _c[1994] |
||
| 300 |
_a128 p. : _bil. ; _c21 cm. |
||
| 500 | _aPoemas traducidos al portugués. | ||
| 700 | 1 |
_aSepúlveda, Carlos. _9105499 |
|
| 852 |
_aES-MaACL _jL-27355 _bR.132934 |
||
| 999 |
_c66872 _d66872 |
||